| 000 | 00712cam a2200265u 4500 | ||
|---|---|---|---|
| 001 | 104337 | ||
| 005 | 20230410130843.0 | ||
| 008 | 820104s1900 enk 000 0 spa | ||
| 035 | _9(DLC) 32034879 | ||
| 035 | _a7350460 | ||
| 010 | _a 32034879 | ||
| 040 |
_aDLC _cCarP _dDLC |
||
| 050 | 1 | 4 |
_aPQ 6603 _bB264c 1900 |
| 082 | 0 | 0 | _a863.5 |
| 100 | 1 |
_aBaroja, Pìo, _d1872-1956. |
|
| 245 | 1 | 3 |
_aLa ciudad de la niebla / _cPio Baroja |
| 260 |
_aLondres: _bThomas Nelson and sons., _c[1900?] |
||
| 300 |
_a283 p. ; _c16 cm. |
||
| 650 | 4 | _aNovela española. | |
| 650 | 4 | _aColeccion Enriquillo Sánchez | |
| 650 | 4 | _aCES | |
| 650 | 4 | _aPrimera Jornada de Catalogacion. | |
| 942 |
_2lcc _cbk |
||
| 946 | _aJPR | ||
| 999 |
_c81593 _d81593 |
||